000 00498nam a2200169 i 4500
001 89544
003 ES-MaACL
005 20230906180222.0
007 t|
008 050111s1902 fr ||||1| fre d
100 1 _aLa Sizeranne, Robert de.
_969181
245 1 0 _aRuskin et la religion de la beauté /
_cpar Robert de La Sizeranne.
250 _a7eme ed.
260 _a[S.l. :
_bs.n.,
_c1902] (
_eCouloummiers :
_fPaul Brodard)
300 _a360 p., 2 lám. ;
_c19 cm.
852 _aES-MaACL
_jF-7920
999 _c89544
_d89544